000 00714nam a22002057a 4500
005 20241024062517.0
999 _c10857
_d10857
008 180924b ||||| |||| 00| 0 eng d
020 _a978-971-98-0934-0
082 _22018
_aDFil 170
_bP263
100 _aPasco, Marc Oliver D.
_931578
245 _aEthics /
_cMarc Oliver D. Pasco, V. Fullente Suarez, Agustin Martin G. Rodriguez
260 _aQuezon City :
_bC & E Publishing,Inc.,
_c©2018.
300 _axii, 210 pages :
_billustrations ;
_c22 cm.
500 _aIncludes bibliographical references and index.
650 _aEthics.
_931579
700 _aSuarez, V. Fullente.
_931580
700 _aRodriguez, Agustin Martin G.
_98646
365 _b295.00
_cPhp
942 _2ddc
_cDFIL